000 00590nam a2200169 a 4500
001 000229734
003 AM-YEHGA
005 20250617164313.0
008 030530s1962 ||| |||||||||||||rus d
040 _aAM-YeHGA
100 1 _aАлексеев, Сергей Сергеевич.
245 1 0 _aГражданское право в период развернутого строительства коммунизма /
_cС.С. Алексеев.
260 _aМосква :
_bГосюриздат,
_c1962.
300 _a281 с.
650 1 4 _aПраво в целом
090 _c525123
999 _c521542
_d521542